UM Logo

Sales, agency and credit transaction : (Record no. 1203)

MARC details
000 -LEADER
fixed length control field 00582nam a22001937a 4500
003 - CONTROL NUMBER IDENTIFIER
control field OSt
005 - DATE AND TIME OF LATEST TRANSACTION
control field 20240304154951.0
008 - FIXED-LENGTH DATA ELEMENTS--GENERAL INFORMATION
fixed length control field 160305b xxu||||| |||| 00| 0 eng d
020 ## - INTERNATIONAL STANDARD BOOK NUMBER
International Standard Book Number 978-971-9919-57-5
040 ## - CATALOGING SOURCE
Transcribing agency LIC
082 ## - DEWEY DECIMAL CLASSIFICATION NUMBER
Edition number 2014
Classification number DFil 346.072
Item number So65
245 ## - TITLE STATEMENT
Title Sales, agency and credit transaction :
Remainder of title law and application : for business students/
Statement of responsibility, etc. Fidelito R. Soriano.
260 ## - PUBLICATION, DISTRIBUTION, ETC. (IMPRINT)
Place of publication, distribution, etc. Manila :
Name of publisher, distributor, etc. GIC Enterprises & Company,
Date of publication, distribution, etc. ©2014.
300 ## - PHYSICAL DESCRIPTION
Extent 543 pages ;
Dimensions 23 cm.
365 ## - TRADE PRICE
Price amount 795.00
Currency code Php
650 #0 - SUBJECT ADDED ENTRY--TOPICAL TERM
9 (RLIN) 3435
Topical term or geographic name as entry element Sales
650 #0 - SUBJECT ADDED ENTRY--TOPICAL TERM
9 (RLIN) 3436
Topical term or geographic name as entry element Agency
942 ## - ADDED ENTRY ELEMENTS (KOHA)
Source of classification or shelving scheme Dewey Decimal Classification
Koha item type Filipiniana
Holdings
Withdrawn status Lost status Source of classification or shelving scheme Damaged status Not for loan Collection code Home library Current library Shelving location Date acquired Source of acquisition Total Checkouts Full call number Barcode Date last seen Date last checked out Copy number Cost, replacement price Price effective from Koha item type
    Dewey Decimal Classification     Filipiniana UM Digos College - LIC UM Digos College - LIC Book Cart 09/25/2014 Purchased 15 DFil 346.072 So65 2014 22590 11/18/2025 11/18/2025 3 795.00 03/05/2016 Filipiniana
    Dewey Decimal Classification     Filipiniana UM Digos College - LIC UM Digos College - LIC Book Cart 09/25/2014 Purchased 34 DFil 346.072 So65 2014 22588 11/25/2025 11/24/2025 1 795.00 03/05/2016 Filipiniana
    Dewey Decimal Classification     Filipiniana UM Digos College - LIC UM Digos College - LIC Book Cart 09/25/2014 Purchased 30 DFil 346.072 So65 2014 22589 11/18/2025 11/17/2025 2 795.00 03/05/2016 Filipiniana